Wird geladen...

Cyclic universe: cycles of the creation, evolution, involution and dissolution of the universe

Bibliographische Detailangaben
1. Verfasser: Panda, N C; Author
Format: Printed Book
Veröffentlicht: New Delhi, D K Printworld(P) Ltd 2002
Schriftenreihe:1
2
Schlagworte:
LEADER 009280000a22002770004500
020 |a 81-246-0190-9 
082 |a 113 P2 
100 |a Panda, N C; Author 
245 |a Cyclic universe: cycles of the creation, evolution, involution and dissolution of the universe 
250
260 |a New Delhi, D K Printworld(P) Ltd  |e 2002 
260 |c 2002 
460 |a 2v (xxxxvii,936p) 
465 |a Rs.1,600.00 
490 |a 1 
490 |a 2 
500 |a Includes bibliographical references and index 
500 |a N C Panda 
650 |a Cosmology-Philosophy 
650 |a Evolution-Philosophy 
650 |a Philosophy 
650 |a Philosophy, Indic 
942 |c BK 
999 |c 39156  |d 39156 
952 |0 0  |1 0  |4 0  |6 113_000000000000000_P2  |7 0  |8 ENG  |9 39686  |a MGUL  |b MGUL  |d 2013-07-16  |e Rs.1,600.00  |l 0  |o 113 P2  |p 37998  |r 2013-07-16  |w 2013-07-16  |y BK 
952 |0 0  |1 0  |4 0  |7 0  |9 39687  |a MGUL  |b MGUL  |d 2013-07-16  |l 0  |p 37999  |r 2013-07-16  |w 2013-07-16  |y BK